| 000 | 01324cam a2200385 a 4500 | ||
|---|---|---|---|
| 001 | ocn225874442 | ||
| 003 | OSt | ||
| 005 | 20140310182432.0 | ||
| 008 | 080812s2009 stka 001 0 eng | ||
| 020 | _a9780323053457 (pbk.) | ||
| 040 |
_aUKM _cUKM _dBTCTA _dBAKER _dYDXCP _dVET _dCVU |
||
| 049 | _aCVUA | ||
| 050 |
_aRB 39.2 _b.M67 2009 |
||
| 100 | 1 |
_aPagana, Kathleen Deska, _d1952- _97450 |
|
| 245 | 1 | 0 |
_aMosby's diagnostic and laboratory test reference / _cKathleen Deska Pagana, Timothy J. Pagana. |
| 246 | 3 | _aDiagnostic and laboratory test reference. | |
| 250 | _a9th ed. | ||
| 260 |
_aEdinburgh : _bMosby, _cc2009. |
||
| 300 |
_axxiii, 1078 p. ; _c20 cm. |
||
| 500 | _aPrevious ed.: St. Louis, Mo.: Mosby Elsevier, 2007. | ||
| 500 | _aIncludes index. | ||
| 521 | _aCollege Student | ||
| 526 | _c1210L-1700L | ||
| 541 | _j1 | ||
| 562 | _eFor circulation. 1 copy available in the collection | ||
| 650 | 0 |
_aDiagnosis, Laboratory. _97390 |
|
| 650 | 0 |
_aFunction tests (Medicine) _97451 |
|
| 650 | 2 |
_aClinical Laboratory Techniques _vHandbooks. _97452 |
|
| 650 | 2 |
_aNursing Care _vHandbooks. _97453 |
|
| 700 | 1 |
_aPagana, Timothy James, _d1949- _97454 |
|
| 910 | _a20090217/w/n;ckc | ||
| 942 |
_2lcc _cBK _kSL-GEd |
||
| 980 |
_a171208 _b35016 _e3461 _f583313 _g1 |
||
| 981 |
_aybp _bNSCNC _d99931847638 |
||
| 999 |
_c13380 _d13380 |
||